|
|
|
|
| LEADER |
00000nam a22000007a 4500 |
| 005 |
20191024232053.0 |
| 007 |
cr|||| |||| |
| 008 |
191024c20149999us br|w s|||| 0|||b1eng d |
| 022 |
|
|
|a 1934-1652
|
| 035 |
|
|
|a 22721
|
| 040 |
|
|
|a vLex
|
| 090 |
|
|
|c 9963
|d 9963
|
| 245 |
0 |
0 |
|a HR Specialist: Employment Law
|h [Recurso electrn̤ico] /
|
| 256 |
|
|
|a Servicio en ln̕ea
|
| 260 |
|
|
|a Falls Church:
|b Business Management Daily, a division of Capitol Information Group,
|c 2014 -
|
| 300 |
|
|
|a 1 recurso electrn̤ico
|
| 310 |
|
|
|a Bimestral
|
| 506 |
1 |
|
|a Disponible solo en los productos indicados
|d vLex Global
|d vLex Global (Academic Edition, excluding Law Schools)
|d vLex Global (Academic Edition, Law Schools)
|
| 650 |
0 |
4 |
|a Derecho Laboral y Seguridad Social
|z Estados Unidos
|
| 740 |
0 |
|
|a vLex Revistas (Servicio en ln̕ea)
|
| 856 |
4 |
0 |
|u http://vlex.com/source/hr-specialist-employment-law-22721
|z Acceso restringido
|
| 942 |
|
|
|c REV
|
| 999 |
0 |
|
|a Labor law and social security
|